Interactive Computer Graphics Functional, Procedural and Device - Level Methods

Saved in:
Bibliographic Details
Main Author: Burger, Peter
Format: Book
Language:English
Published: Wokingham Addison-Wesley Pub. Co. 1989
Edition:1. ed.
Tags: Add Tag
No Tags, Be the first to tag this record!

MARC

LEADER 00000nam a2200000 4500
001 c028784
005 20221215113951.0
041 0 |a eng 
044 |a US 
245 1 0 |a Interactive Computer Graphics  |b Functional, Procedural and Device - Level Methods  |c Peter Burger 
250 |a 1. ed. 
264 1 |a Wokingham  |b Addison-Wesley Pub. Co.  |c 1989 
300 |a 504 s. 
100 1 |a Burger, Peter